00234nam a2200085Ia 4500008004100000100003000041245004000071260002800111300000900139190216s9999||||xx |||||||||||||| ||und|| aDogra S. K & Dogra S 0aPhysical Chemistry Through Problems bWiley Eastern Ltdc1984 a674p